000 00311nam a2200133Ia 4500
008 220204s9999 xx 000 0 und d
082 _a628.5
_bBRE
100 _aBreach, Ian
245 0 _aEarth in danger
260 _aLondon
_bAldus
_c1976
650 _aPollution
700 _aCrawford, Michael
942 _cBK
999 _c29794
_d29794